[Event "Titled Tuesday intern op 13th Feb Late"]
[Site "Chess.com INT"]
[Date "2024.02.13"]
[Round "10"]
[White "Niekras, Dawid"]
[Black "Miszler, Levente"]
[Result "1-0"]
[WhiteElo "2344"]
[BlackElo "2269"]
[PlyCount "43"]
[EventDate "2024.02.13"]
[EventType "swiss (blitz)"]
[EventRounds "11"]
[EventCountry "USA"]
[SourceTitle "CB08_2024"]
[SourceDate "2024.02.21"]
[SourceVersion "1"]
[SourceVersionDate "2024.02.21"]
[SourceQuality "1"]

1. e4 e6 2. d4 d5 3. e5 f6 4. Bd3 c5 5. Qh5+ Ke7 6. dxc5 Nc6 7. Nf3 Nxe5 8. Nxe5 fxe5 9. Qxe5 Nf6 10. 0-0 Kf7 11. Be3 Be7 12. Nd2 Rf8 13. Nf3 h6 14. Qg3 Kg8 15. Bxh6 Nh5 16. Qg6 Rxf3 17. gxf3 Bf6 18. Qxh5 gxh6 19. Kh1 Bg7 20. Rg1 Qf6 21. Rg6 Qxf3+ 22. Qxf3 1-0

[Event "Titled Tuesday intern op 19th Sep Late"]
[Site "Chess.com INT"]
[Date "2023.09.19"]
[Round "7"]
[White "Indjic, Aleksandar"]
[Black "Niekras, Dawid"]
[Result "1-0"]
[WhiteElo "2606"]
[BlackElo "2298"]
[PlyCount "67"]
[EventDate "2023.09.19"]
[EventType "swiss (blitz)"]
[EventRounds "11"]
[EventCountry "USA"]
[SourceTitle "EXT 2024"]
[Source "ChessBase"]
[SourceDate "2023.10.10"]
[SourceVersion "1"]
[SourceVersionDate "2023.10.10"]
[SourceQuality "1"]

1. d4 Nf6 2. Bg5 e6 3. e4 h6 4. Bxf6 Qxf6 5. c3 d5 6. Nd2 Qd8 7. Ngf3 Be7 8. Qc2 dxe4 9. Nxe4 Nd7 10. 0-0-0 Nf6 11. Bd3 0-0 12. Nxf6+ Bxf6 13. g4 Qd5 14. Be4 Qa5 15. h4 Qxa2 16. g5 Be7 17. gxh6 f5 18. hxg7 Rf7 19. Bd3 Bd7 20. Rdg1 Bc6 21. Rh3 Bxf3 22. Rxf3 Qa1+ 23. Qb1 Qxb1+ 24. Kxb1 Rxg7 25. Re1 Bxh4 26. Rxe6 Re7 27. Rh6 Re1+ 28. Kc2 Be7 29. Rg3+ Kf7 30. Bc4+ Ke8 31. Rg8+ Bf8 32. Rxf8+ Kxf8 33. Rh8+ Ke7 34. Rxa8 1-0

[Event "Titled Tuesday intern op 19th Sep Late"]
[Site "Chess.com INT"]
[Date "2023.09.19"]
[Round "9"]
[White "Kushko, Dmitriy"]
[Black "Niekras, Dawid"]
[Result "1/2-1/2"]
[WhiteElo "2426"]
[BlackElo "2298"]
[PlyCount "153"]
[EventDate "2023.09.19"]
[EventType "swiss (blitz)"]
[EventRounds "11"]
[EventCountry "USA"]
[SourceTitle "EXT 2024"]
[Source "ChessBase"]
[SourceDate "2023.10.10"]
[SourceVersion "1"]
[SourceVersionDate "2023.10.10"]
[SourceQuality "1"]

1. g3 g6 2. Bg2 Bg7 3. d4 Nf6 4. e4 d6 5. Nc3 0-0 6. Nf3 Nc6 7. d5 Nb8 8. 0-0 c6 9. h3 cxd5 10. exd5 Nbd7 11. Re1 Re8 12. a4 a6 13. Be3 Qc7 14. Qd2 Nc5 15. Bd4 Bf5 16. Nh4 Bc8 17. Re3 e5 18. dxe6 Bxe6 19. Rae1 Rad8 20. f4 Qc8 21. Kh2 d5 22. Qd1 Nce4 23. Ne2 Qc6 24. a5 Qb5 25. Bb6 Rc8 26. Rb3 Qc4 27. Nd4 Nc5 28. Rc3 Qb4 29. f5 gxf5 30. Nhxf5 Nce4 31. Rb3 Qf8 32. Rf1 Kh8 33. Rbf3 Bxf5 34. Nxf5 Nd7 35. Nxg7 Qxg7 36. Bd4 Ne5 37. g4 Nxf3+ 38. Rxf3 f6 39. Rf5 Re6 40. Rxd5 Rce8 41. Rf5 Qc7+ 42. Kg1 Kg8 43. Rf1 Qd6 44. c3 Nc5 45. Kh1 Ne4 46. Kg1 Qg3 47. Qf3 Qxf3 48. Rxf3 Nd2 49. Rf5 Nc4 50. Bd5 Nxb2 51. Bxe6+ Rxe6 52. Rxf6 Rxf6 53. Bxf6 Nc4 54. Kf2 Nxa5 55. Ke3 Nc6 56. Ke4 Kf7 57. g5 Ke6 58. h4 a5 59. h5 Kf7 60. c4 a4 61. Bc3 a3 62. Kd5 a2 63. Kc5 Nd8 64. Kb6 Ne6 65. g6+ hxg6 66. hxg6+ Kxg6 67. Kxb7 Kf5 68. Kc6 Ke4 69. Kd6 Kd3 70. Ba1 Nd4 71. c5 Kc4 72. c6 Nxc6 73. Kxc6 Kb3 74. Bh8 Kc2 75. Kd5 Kb1 76. Kc5 a1Q 77. Bxa1 1/2-1/2

[Event "Titled Tuesday intern op 11th Jul Early"]
[Site "Chess.com INT"]
[Date "2023.07.11"]
[Round "5"]
[White "Belov, Alexei"]
[Black "Niekras, Dawid"]
[Result "1-0"]
[WhiteElo "2421"]
[BlackElo "2303"]
[PlyCount "79"]
[EventDate "2023.07.11"]
[EventType "swiss (blitz)"]
[EventRounds "11"]
[EventCountry "USA"]
[SourceTitle "EXT 2024"]
[Source "ChessBase"]
[SourceDate "2023.10.10"]
[SourceVersion "1"]
[SourceVersionDate "2023.10.10"]
[SourceQuality "1"]

1. e4 c5 2. Nf3 g6 3. d4 cxd4 4. Nxd4 Nc6 5. Be3 Nf6 6. Nc3 Bg7 7. Nxc6 bxc6 8. e5 Ng8 9. f4 f6 10. exf6 Nxf6 11. Be2 0-0 12. 0-0 d5 13. Bd4 Qa5 14. Be5 e6 15. Kh1 c5 16. Nb5 Qb6 17. c4 Ba6 18. Nc7 Rad8 19. Nxa6 Qxa6 20. cxd5 Qb6 21. d6 Nd5 22. Qd2 Rxd6 23. Bxd6 Qxd6 24. Bc4 Bd4 25. Rae1 Kg7 26. g3 Rf6 27. Re4 Nb6 28. b3 Nxc4 29. bxc4 Qc6 30. Qg2 Qa6 31. Qe2 Qc6 32. Re1 Kf7 33. Kg2 g5 34. Qf3 Qa4 35. Qh5+ Kg7 36. Rxe6 Rxe6 37. Rxe6 Qxc4 38. Qxg5+ Kf8 39. Qd8+ Kg7 40. Qd7+ 1-0

[Event "Titled Tuesday intern op 11th Jul Early"]
[Site "Chess.com INT"]
[Date "2023.07.11"]
[Round "9"]
[White "Niekras, Dawid"]
[Black "Masague Artero, Guerau"]
[Result "0-1"]
[WhiteElo "2303"]
[BlackElo "2302"]
[PlyCount "44"]
[EventDate "2023.07.11"]
[EventType "swiss (blitz)"]
[EventRounds "11"]
[EventCountry "USA"]
[SourceTitle "EXT 2024"]
[Source "ChessBase"]
[SourceDate "2023.10.10"]
[SourceVersion "1"]
[SourceVersionDate "2023.10.10"]
[SourceQuality "1"]

1. e4 g6 2. d4 Bg7 3. Nc3 c6 4. h4 d5 5. h5 dxe4 6. Be3 Nh6 7. Nxe4 Nf5 8. Qd2 Nxe3 9. fxe3 Nd7 10. 0-0-0 Nf6 11. Nxf6+ Bxf6 12. Bc4 Bg4 13. Be2 Be6 14. Kb1 Qd5 15. c4 Qxg2 16. Nf3 Bxc4 17. Bxc4 Qxf3 18. Rdf1 Qe4+ 19. Ka1 g5 20. Qa5 Qxe3 21. Rxf6 b6 22. Qe1 Qxd4 0-1

[Event "Titled Tuesday intern op 04th Jul Early"]
[Site "Chess.com INT"]
[Date "2023.07.04"]
[Round "7"]
[White "Jimenez Jimenez, Leandro"]
[Black "Niekras, Dawid"]
[Result "0-1"]
[WhiteElo "2141"]
[BlackElo "2303"]
[PlyCount "156"]
[EventDate "2023.07.04"]
[EventType "swiss (blitz)"]
[EventRounds "11"]
[EventCountry "USA"]
[SourceTitle "EXT 2024"]
[Source "ChessBase"]
[SourceDate "2023.10.10"]
[SourceVersion "1"]
[SourceVersionDate "2023.10.10"]
[SourceQuality "1"]

1. d4 g6 2. c4 d6 3. e4 Bg7 4. Nc3 a6 5. Be3 e6 6. Nge2 Nd7 7. Ng3 b6 8. Bd3 Bb7 9. 0-0 Ne7 10. f4 f5 11. d5 Nc5 12. dxe6 0-0 13. exf5 Nxd3 14. Qxd3 Nxf5 15. Nxf5 gxf5 16. Bd4 Bxd4+ 17. Qxd4 Qf6 18. Qxf6 Rxf6 19. Nd5 Rxe6 20. Nxc7 Re2 21. Rf2 Rxf2 22. Kxf2 Rc8 23. Nd5 Rxc4 24. Ne3 Rxf4+ 25. Ke2 Re4 26. g3 Kf7 27. Rc1 Re7 28. Kd2 Be4 29. Rc8 Ke6 30. Rb8 b5 31. Rb6 Ra7 32. Nd1 Bb7 33. Ne3 Be4 34. Nd1 h5 35. Nc3 Bb7 36. Ke3 Kd7 37. a4 Kc7 38. a5 Ra8 39. Kf4 h4 40. gxh4 Rh8 41. Kg5 f4 42. Kxf4 Rxh4+ 43. Kg3 Rb4 44. h4 Rxb2 45. Kf4 Rc2 46. Nd1 Rc4+ 47. Kg5 Bf3 48. Nf2 Rc5+ 49. Kg6 Bh5+ 50. Kh6 Be2 51. Ne4 Rh5+ 52. Kg6 Rxh4 53. Nxd6 Bd3+ 54. Kg5 Ra4 55. Ne8+ Kc8 56. Nd6+ Kd7 57. Nb7 Ra3 58. Nc5+ Kc7 59. Nxa6+ Kc8 60. Nc5 Bc4 61. a6 Kc7 62. Rb7+ Kc6 63. Ne4 Rxa6 64. Rb8 Ra1 65. Nc3 Kc5 66. Nxb5 Bxb5 67. Kf4 Bc4 68. Ke5 Re1+ 69. Kf4 Kd4 70. Rb2 Rf1+ 71. Kg3 Ke3 72. Kg2 Rf6 73. Rc2 Be2 74. Rc8 Rg6+ 75. Kh3 Bd3 76. Re8+ Kf4 77. Rf8+ Bf5+ 78. Kh2 Rg5 0-1

[Event "Titled Tuesday intern op 04th Jul Early"]
[Site "Chess.com INT"]
[Date "2023.07.04"]
[Round "6"]
[White "Niekras, Dawid"]
[Black "Omariev, Maksim"]
[Result "1-0"]
[WhiteElo "2303"]
[BlackElo "2304"]
[PlyCount "63"]
[EventDate "2023.07.04"]
[EventType "swiss (blitz)"]
[EventRounds "11"]
[EventCountry "USA"]
[SourceTitle "EXT 2024"]
[Source "ChessBase"]
[SourceDate "2023.10.10"]
[SourceVersion "1"]
[SourceVersionDate "2023.10.10"]
[SourceQuality "1"]

1. e4 c5 2. Be2 d6 3. f4 Nc6 4. Nf3 g6 5. 0-0 Bg7 6. d3 e6 7. c3 Nge7 8. Be3 0-0 9. Nbd2 b6 10. Qe1 Ba6 11. Qh4 Qd7 12. Rae1 f5 13. Kh1 fxe4 14. dxe4 Bxe2 15. Rxe2 d5 16. Qg4 Rae8 17. e5 Nf5 18. Bg1 d4 19. Ne4 Qd5 20. b3 d3 21. Ree1 c4 22. Nfd2 b5 23. Qd1 Rd8 24. bxc4 bxc4 25. Qa4 Na5 26. Rb1 Rb8 27. Bc5 Nc6 28. Bxf8 Rxf8 29. Qxc4 Qxc4 30. Nxc4 Ne3 31. Nxe3 Na5 32. Nc5 1-0

[Event "Titled Tuesday intern op 04th Jul Early"]
[Site "Chess.com INT"]
[Date "2023.07.04"]
[Round "8"]
[White "Sreyas, Payyappat"]
[Black "Niekras, Dawid"]
[Result "0-1"]
[WhiteElo "2075"]
[BlackElo "2303"]
[PlyCount "43"]
[EventDate "2023.07.04"]
[EventType "swiss (blitz)"]
[EventRounds "11"]
[EventCountry "USA"]
[SourceTitle "EXT 2024"]
[Source "ChessBase"]
[SourceDate "2023.10.10"]
[SourceVersion "1"]
[SourceVersionDate "2023.10.10"]
[SourceQuality "1"]

1. e4 c5 2. Nf3 e6 3. d4 cxd4 4. Nxd4 Nc6 5. Nc3 Qc7 6. Be3 a6 7. Be2 Nf6 8. 0-0 Be7 9. f4 d6 10. Bf3 0-0 11. g4 Nxd4 12. Bxd4 e5 13. Be3 exf4 14. Bxf4 Be6 15. g5 Nd7 16. Bg4 Qb6+ 17. Kh1 Qxb2 18. Bxe6 fxe6 19. Bxd6 Rxf1+ 20. Qxf1 Bxd6 21. Rd1 Qxc3 22. Rxd6 0-1

[Event "Titled Tuesday intern op 27th Jun Early"]
[Site "Chess.com INT"]
[Date "2023.06.27"]
[Round "9"]
[White "Baskakov, Egor"]
[Black "Niekras, Dawid"]
[Result "1-0"]
[WhiteElo "2215"]
[BlackElo "2303"]
[PlyCount "157"]
[EventDate "2023.06.27"]
[EventType "swiss (blitz)"]
[EventRounds "11"]
[EventCountry "USA"]
[SourceTitle "EXT 2024"]
[Source "ChessBase"]
[SourceDate "2023.10.10"]
[SourceVersion "1"]
[SourceVersionDate "2023.10.10"]
[SourceQuality "1"]

1. e4 c5 2. Nf3 a6 3. c4 Nc6 4. Nc3 e5 5. g3 g6 6. Bg2 Bg7 7. d3 d6 8. 0-0 Nge7 9. Nd5 0-0 10. Rb1 h6 11. Ne1 Nxd5 12. cxd5 Nd4 13. Nc2 f5 14. Nxd4 cxd4 15. f4 Kh7 16. Bd2 Bd7 17. Qb3 b5 18. Rbc1 fxe4 19. Bxe4 Bh3 20. Rf2 exf4 21. Rxf4 Qe7 22. Qd1 Bf5 23. Bxf5 Rxf5 24. Rxf5 gxf5 25. Qf3 Rf8 26. Re1 Qc7 27. Bf4 Be5 28. Qh5 Qg7 29. Qf3 Re8 30. Kg2 Qf6 31. Rf1 Bxf4 32. Qxf4 Re5 33. Rc1 Kg6 34. Kh1 Rxd5 35. Qf3 Re5 36. g4 Qe6 37. gxf5+ Qxf5 38. Qg2+ Qg5 39. Qf1 Qf5 40. Qg1+ Qg5 41. Qf1 Qf5 42. Qd1 Qe6 43. Qd2 Qd5+ 44. Qg2+ Qxg2+ 45. Kxg2 Re2+ 46. Kf3 Rxb2 47. Rc6 Kf5 48. Rxd6 Rxa2 49. Rxh6 Rd2 50. Rh5+ Ke6 51. Ke4 Re2+ 52. Kxd4 Kd6 53. Rh6+ Kc7 54. Rxa6 Rxh2 55. Kc5 Rh5+ 56. Kb4 Kb7 57. Rd6 Rg5 58. d4 Kc7 59. Rf6 Rd5 60. Kc3 Rh5 61. Kd3 Rg5 62. Re6 b4 63. Kc4 Kd7 64. Rb6 Rh5 65. Rxb4 Rh6 66. Rb7+ Kc8 67. Rg7 Rf6 68. Kc5 Rh6 69. Rg8+ Kc7 70. Rg7+ Kc8 71. Rf7 Rg6 72. Rf5 Rh6 73. d5 Rg6 74. d6 Kd7 75. Rf7+ Kd8 76. Kc6 Ke8 77. Ra7 Rg1 78. Ra8+ Kf7 79. d7 1-0

[Event "Titled Tuesday intern op 27th Jun Early"]
[Site "Chess.com INT"]
[Date "2023.06.27"]
[Round "1"]
[White "Glashausser, Sho"]
[Black "Niekras, Dawid"]
[Result "0-1"]
[WhiteElo "1953"]
[BlackElo "2303"]
[PlyCount "60"]
[EventDate "2023.06.27"]
[EventType "swiss (blitz)"]
[EventRounds "11"]
[EventCountry "USA"]
[SourceTitle "EXT 2024"]
[Source "ChessBase"]
[SourceDate "2023.10.10"]
[SourceVersion "1"]
[SourceVersionDate "2023.10.10"]
[SourceQuality "1"]

1. d4 Nf6 2. Nc3 d5 3. Bf4 e6 4. Nb5 Na6 5. e3 c6 6. Nc3 Nb8 7. Nf3 Nbd7 8. Bd3 Be7 9. Ne5 a6 10. Qf3 c5 11. g4 Nxe5 12. Bxe5 Bd6 13. Bxd6 Qxd6 14. dxc5 Qxc5 15. g5 Nd7 16. 0-0-0 Ne5 17. Qf4 Nxd3+ 18. Rxd3 Bd7 19. e4 d4 20. Ne2 e5 21. Qg3 Rc8 22. c3 0-0 23. Kb1 Bb5 24. Rd2 Bxe2 25. Rxe2 dxc3 26. Qxc3 Qxc3 27. bxc3 Rxc3 28. Rb2 b5 29. Rd1 Rfc8 30. Rd6 Rc1# 0-1

[Event "Titled Tuesday intern op 27th Jun Early"]
[Site "Chess.com INT"]
[Date "2023.06.27"]
[Round "10"]
[White "Niekras, Dawid"]
[Black "Zheenbekov, Nurgazi"]
[Result "1-0"]
[WhiteElo "2303"]
[BlackElo "2033"]
[PlyCount "51"]
[EventDate "2023.06.27"]
[EventType "swiss (blitz)"]
[EventRounds "11"]
[EventCountry "USA"]
[SourceTitle "EXT 2024"]
[Source "ChessBase"]
[SourceDate "2023.10.10"]
[SourceVersion "1"]
[SourceVersionDate "2023.10.10"]
[SourceQuality "1"]

1. e4 e5 2. Nf3 Nc6 3. Bb5 a6 4. Ba4 Nf6 5. 0-0 Be7 6. Re1 b5 7. Bb3 d6 8. c3 0-0 9. h3 Nb8 10. d4 Nbd7 11. c4 bxc4 12. Bxc4 Bb7 13. Nc3 exd4 14. Nxd4 Ne5 15. Bb3 Ng6 16. Nf5 Re8 17. Bxf7+ Kxf7 18. Qb3+ d5 19. Qxb7 Bc5 20. Bg5 Bb6 21. Nxd5 Ne5 22. Bxf6 gxf6 23. Nxb6 Rb8 24. Qd5+ Qxd5 25. Nxd5 Rxb2 26. Nxc7 1-0

[Event "Titled Tuesday intern op 27th Jun Early"]
[Site "Chess.com INT"]
[Date "2023.06.27"]
[Round "4"]
[White "Ohanyan, Emin"]
[Black "Niekras, Dawid"]
[Result "1-0"]
[WhiteElo "2460"]
[BlackElo "2303"]
[PlyCount "137"]
[EventDate "2023.06.27"]
[EventType "swiss (blitz)"]
[EventRounds "11"]
[EventCountry "USA"]
[SourceTitle "EXT 2024"]
[Source "ChessBase"]
[SourceDate "2023.10.10"]
[SourceVersion "1"]
[SourceVersionDate "2023.10.10"]
[SourceQuality "1"]

1. e4 c5 2. Nf3 d6 3. d4 cxd4 4. Nxd4 Nf6 5. Nc3 a6 6. Bc4 e6 7. Bb3 Nbd7 8. f4 Nc5 9. f5 b5 10. fxe6 fxe6 11. 0-0 Bd7 12. a3 Nxb3 13. Nxb3 Qb6+ 14. Kh1 Be7 15. Qd3 0-0 16. Be3 Qc7 17. Rad1 Rac8 18. Bg5 h6 19. Bh4 Qc4 20. Qxc4 Rxc4 21. Bxf6 Rxf6 22. Rxf6 gxf6 23. Kg1 Kf7 24. Kf2 Bf8 25. Nd2 Rc8 26. Ke3 Ke7 27. Nf3 h5 28. h3 Bh6+ 29. Ke2 Rg8 30. Kf2 Bc6 31. Nd4 Bb7 32. g3 h4 33. g4 Bf4 34. Nf3 Bg3+ 35. Ke3 Rc8 36. Nd4 Rc7 37. Nf3 Rc8 38. Ra1 Bc6 39. Rg1 Bd7 40. Rf1 a5 41. Nd4 b4 42. axb4 axb4 43. Nce2 Be5 44. Rc1 Ra8 45. b3 Ra2 46. Nf3 Bc8 47. Nxh4 Bb7 48. Nf3 Bb2 49. Rb1 Ba3 50. Ne1 Ba6 51. Nc1 Bxc1+ 52. Rxc1 d5 53. exd5 exd5 54. h4 Kd6 55. Nf3 Bb5 56. Nd4 Bd7 57. Kf4 Ra8 58. Nf5+ Kc5 59. h5 d4 60. Rd1 Bxf5 61. Kxf5 Ra2 62. h6 Rxc2 63. Rh1 Rf2+ 64. Kg6 Rg2 65. h7 Rxg4+ 66. Kxf6 Rf4+ 67. Ke5 Rf8 68. h8Q Rxh8 69. Rxh8 1-0

[Event "Titled Tuesday intern op 17th Jan Early"]
[Site "Chess.com INT"]
[Date "2023.01.17"]
[Round "4"]
[White "Bortnyk, Mykola"]
[Black "Niekras, Dawid"]
[Result "1-0"]
[WhiteElo "2442"]
[BlackElo "2315"]
[PlyCount "57"]
[EventDate "2023.01.17"]
[EventType "swiss (blitz)"]
[EventRounds "11"]
[EventCountry "USA"]
[SourceTitle "CBM 212 Extra"]
[Source "ChessBase"]
[SourceDate "2023.03.31"]
[SourceVersion "1"]
[SourceVersionDate "2023.03.31"]
[SourceQuality "1"]

1. d4 Nf6 2. c4 g6 3. Nc3 Bg7 4. Bg5 0-0 5. Qd2 c5 6. d5 b5 7. cxb5 a6 8. e4 d6 9. Nf3 Qa5 10. Bd3 axb5 11. Nxb5 Qb6 12. 0-0 Ba6 13. a4 Nbd7 14. Rfe1 Rfb8 15. b3 Kf8 16. Bh6 Ne8 17. Bxg7+ Kxg7 18. e5 Nxe5 19. Nxe5 dxe5 20. Rxe5 Bxb5 21. Bxb5 Qf6 22. Rae1 Nd6 23. Rxe7 Nxb5 24. axb5 Rxb5 25. d6 Rd8 26. d7 Rb7 27. Qd5 Rc7 28. h4 Qc6 29. Qxf7+ 1-0

[Event "Titled Tuesday intern op 04th Oct Early"]
[Site "Chess.com INT"]
[Date "2022.10.04"]
[Round "8"]
[White "Kuzmin, Roman"]
[Black "Niekras, Dawid"]
[Result "1-0"]
[WhiteElo "2297"]
[BlackElo "2307"]
[PlyCount "67"]
[EventDate "2022.10.04"]
[EventType "swiss (blitz)"]
[EventRounds "11"]
[EventCountry "USA"]
[SourceTitle "EXT 2023"]
[Source "ChessBase"]
[SourceDate "2022.10.05"]
[SourceVersion "1"]
[SourceVersionDate "2022.10.05"]
[SourceQuality "1"]

1. e4 c5 2. Nf3 d6 3. d4 cxd4 4. Nxd4 Nf6 5. Nc3 a6 6. Rg1 e5 7. Nb3 b5 8. a4 b4 9. Nd5 Nxd5 10. Qxd5 Ra7 11. Be3 Rd7 12. Bc4 Bb7 13. Qd3 Be7 14. 0-0-0 0-0 15. g4 Qc7 16. Nd2 Rc8 17. Kb1 Nc6 18. g5 Na5 19. Ba2 b3 20. Nxb3 Nc4 21. Nd2 Nxe3 22. fxe3 Kh8 23. Bxf7 Rdd8 24. Be6 Rb8 25. Rdf1 Bc6 26. Rf7 Be8 27. Rf3 Qb7 28. b3 Bxa4 29. Bd5 Bc6 30. Rgf1 Bxg5 31. Rh3 Bf6 32. Nc4 Qc7 33. Qe2 Rf8 34. Rxh7+ 1-0

[Event "Titled Tuesday intern op 04th Oct Early"]
[Site "Chess.com INT"]
[Date "2022.10.04"]
[Round "7"]
[White "Niekras, Dawid"]
[Black "Vovk, Orest"]
[Result "1-0"]
[WhiteElo "2307"]
[BlackElo "2315"]
[PlyCount "115"]
[EventDate "2022.10.04"]
[EventType "swiss (blitz)"]
[EventRounds "11"]
[EventCountry "USA"]
[SourceTitle "EXT 2023"]
[Source "ChessBase"]
[SourceDate "2022.10.05"]
[SourceVersion "1"]
[SourceVersionDate "2022.10.05"]
[SourceQuality "1"]

1. e4 g5 2. d4 g4 3. Qxg4 d5 4. Qe2 dxe4 5. Qxe4 Nf6 6. Qd3 Nc6 7. Nf3 Bg4 8. c3 Qd5 9. Be2 0-0-0 10. Nbd2 Rg8 11. Qb5 Qe6 12. Nf1 Rd5 13. Qa4 Bh5 14. Ne3 Rxg2 15. Bd2 Ra5 16. Qc2 Rg8 17. a3 Qh3 18. Ng1 Qd7 19. Bxh5 Rxh5 20. 0-0-0 Bh6 21. Nf3 Rh3 22. Ne1 Ng4 23. Nd3 Nxe3 24. Bxe3 Bxe3+ 25. fxe3 Rxe3 26. Nc5 Qd5 27. Qxh7 Rd8 28. Rhe1 Rxe1 29. Rxe1 b6 30. Qh3+ e6 31. Nd3 Kb7 32. Qe3 Qh5 33. Kb1 Rd5 34. Nb4 Nxb4 35. axb4 Qf5+ 36. Qe4 Qf6 37. h4 Kb8 38. Rh1 Rd8 39. h5 Qh6 40. Qf3 Rf8 41. Ka2 f5 42. Qe2 Rh8 43. Qe5 Re8 44. d5 Qh8 45. Qxh8 Rxh8 46. dxe6 Re8 47. h6 Rh8 48. h7 Kc8 49. Rh6 Kd8 50. Kb3 Ke7 51. Kc4 f4 52. Kd4 Kd6 53. Ke4 f3 54. Kxf3 a5 55. bxa5 Rf8+ 56. Ke4 bxa5 57. h8Q Rxh8 58. Rxh8 1-0